The New Encyclopedia of the Saltwater Aquarium (Record no. 11436)

000 -LEADER
fixed length control field 00486nam a22001457a 4500
008 - FIXED-LENGTH DATA ELEMENTS--GENERAL INFORMATION
fixed length control field 160708b xxu||||| |||| 00| 0 eng d
020 ## - INTERNATIONAL STANDARD BOOK NUMBER
International Standard Book Number 9781554071821
050 ## - LIBRARY OF CONGRESS CALL NUMBER
Classification number SF 457.1 .J45 2007
100 ## - MAIN ENTRY--PERSONAL NAME
Personal name Greg Jennings
Dates associated with a name 2007
245 ## - TITLE STATEMENT
Title The New Encyclopedia of the Saltwater Aquarium
260 ## - PUBLICATION, DISTRIBUTION, ETC. (IMPRINT)
Place of publication, distribution, etc. New York
Name of publisher, distributor, etc. Firefly Books
Date of publication, distribution, etc. 2007
300 ## - PHYSICAL DESCRIPTION
Extent 304p.:
Other physical details ill,;
Dimensions 28cm
650 ## - SUBJECT ADDED ENTRY--TOPICAL TERM
Topical term or geographic name as entry element Marine Aquariums
942 ## - ADDED ENTRY ELEMENTS (KOHA)
Source of classification or shelving scheme
Koha item type Hard Covered Materials
Classification part SF 457.1 .J45 2007
Holdings
Withdrawn status Lost status Source of classification or shelving scheme Damaged status Not for loan Home library Current library Shelving location Date acquired Source of acquisition Total Checkouts Full call number Barcode Date last seen Price effective from Koha item type
          MACHAKOS UNIVERSITY LIBRARY MACHAKOS UNIVERSITY LIBRARY Open shelf 08/07/2016 Donation (BFA)   SF 457.1 .J45 2007 21251 11/02/2019 08/07/2016 Hard Covered Materials
© Machakos University Library, Along The Highway, Machakos Wote Rd, Machakos, Kenya P.O. Box 136 - 90100 Machakos - Kenya

Tel: ( +254 ) 723 805829 OR Fax : 044-20353 OR Email: library@mksu.ac.ke